00343nam a2200121Ia 4500008005000000041000800050082001200058100001400070245007700084260003400161300001900195440000700214240112s1981(MAY-AUG) xx 000 0 und d aeng a543.705 aKING J.S. aCLINICAL CHEMISTRY :JOURNAL OF THE AMERICAN ASS.OF THE CLINICAL CHEMISTS bPAUL B.HARPER c1981(MAY-AUG) a1488,HBc(5-8) v27